000 00624cam a22002173a 4500
001 40023
003 PGUSA
005 20140828083906.0
008 120618s2012||||xxu|||||s|||||000 | eng d
040 _aPGUSA
_beng
042 _adc
100 1 _aTurbayne, Albert Angus
245 1 0 _aMonograms and Ciphers
_h[electronic resource] /
_cAlbert Angus Turbayne
260 _bProject Gutenberg,
_c2012
506 _aPublic domain in the USA.
516 _aElectronic text
700 1 _aStudio, Other Members of Carlton
830 0 _aProject Gutenberg
_v40023
856 4 0 _uhttp://www.gutenberg.org/ebooks/40023
942 _cEB
999 _c269276
_d269276